| 000 | 00431 a2200169 4500 | ||
|---|---|---|---|
| 001 | 066008 | ||
| 003 | OSt | ||
| 005 | 20210914141937.0 | ||
| 008 | |||
| 082 |
_a808.3 _bR19A |
||
| 100 | 1 | _aRawlings, Peter | |
| 245 | 1 |
_aAmerican theorists of the novel _cby Peter Rawlings |
|
| 260 |
_aLondon _bRoutledge _c2006 |
||
| 300 | _a170p. | ||
| 690 | _aCriticism; Fiction; United States | ||
| 942 |
_2ddc _cBK |
||
| 999 |
_c217 _d217 |
||